Keselamatan di sekolah

Bibliographic Details
Main Author: Hanani Imran
Format: Book
Published: Selangor : Pintar Firus Sdn Bhd Publisher , 2014
Series:Panduan asas keselamatan kanak-kanak
Subjects:

MARC

LEADER 00000cam a2200000 7i4500
001 0000044516
005 20230125.0
008 150104
020 |a 9833797813 
090 0 0 |a JF   |b MAL 
100 1 |a Hanani Imran 
245 1 0 |a Keselamatan di sekolah   |c Hanani Imran 
260 |a Selangor :   |b Pintar Firus Sdn Bhd Publisher ,   |c 2014 
490 1 |a Panduan asas keselamatan kanak-kanak 
650 0 |a Keselamatan kanak-kanak   |x Malay... 
650 0 |a Malay fiction 
999 |a 0001317706   |b Book   |c Children Collection   |e Cawangan Bandar Penawar 
999 |a 0001317717   |b Book   |c Children Collection   |e Cawangan Pontian 
999 |a 0001317719   |b Book   |c Children Collection   |e Cawangan Segamat 
999 |a 0001317721   |b Book   |c Children Collection   |e Cawangan Taman Sri Lambak 
999 |a 0001317722   |b Book   |c Children Collection   |e Cawangan Muar 
999 |a 0001317723   |b Book   |c Children Collection   |e Cawangan Tangkak 
999 |a 0001317724   |b Book   |c Children Collection   |e Cawangan Bukit Gambir 
999 |a 0001317725   |b Book   |c Children Collection   |e Cawangan Batu Pahat 
999 |a 0001317726   |b Book   |c Children Collection   |e Cawangan Mersing 
999 |a 0001317728   |b Book   |c Children Collection   |e Cawangan Tmn. Ungku Tun Aminah 
999 |a 0001319028   |b Book   |c Children Collection   |e Cawangan Batu Pahat 
999 |a 0001320704   |b Book   |c Children Collection   |e Perbadanan Perpustakaan Awam Johor 
999 |a 0001320705   |b Book   |c Children Collection   |e Perbadanan Perpustakaan Awam Johor